| 000 | 00455nam a22001697a 4500 | ||
|---|---|---|---|
| 003 | OSt | ||
| 008 | 260506b |||||||| |||| 00| 0 eng d | ||
| 082 |
_a633.61 _bJ46E |
||
| 100 | _aJha, Krishna Kant | ||
| 245 | _aEffect of Irrigation, Trash Mulch and Jalshakti on Growth, Yield and Quality of Sugarcane | ||
| 260 |
_aPusa, Samastipur _bRAU _c1991 |
||
| 300 | _a136P. | ||
| 502 |
_bMsc. _d1991 |
||
| 650 | _aAgronomy | ||
| 650 | _aMsc. | ||
| 942 |
_cT _2ddc |
||
| 999 |
_c50464 _d50464 |
||